000 01204cam a2200397 a 4500
001 6704
003 FISKH
005 20250521121810.0
008 031105s2004 nyua c 000 1 eng
010 _a 2003024180
020 _a1575651424 (pbk. : alk. paper)
020 _a9781575651422
040 _aDLC
_cDLC
_dDLC
_beng
042 _alcac
050 _aPZ7.A3217 P
082 _a324
100 1 _aAlberto, Daisy.
245 1 0 _aPete for president! /
_cby Daisy Alberto ; illustrated by Blanche Sims.
260 _aNew York :
_bKane Press,
_c2004.
300 _a32 pages :
_bcolor illustrations ;
_c23 cm
440 0 _aSocial studies connects
500 _a"Civics/Electronics"--Cover.
505 _aN
520 _aBest friends compete with each other for third grade class president.
521 0 _a560
_bLexile AD
521 0 _aN
_bRaz-Plus
650 1 _aSchools
_vFiction.
650 1 _aBest friends
_vFiction.
650 1 _aFriendship
_vFiction.
650 1 _aElections
_vFiction.
650 1 _aPolitics, Practical
_vFiction.
700 1 _aSims, Blanche,
_eillustrator
906 _a7
_bcbc
_corignew
_d1
_eecip
_f20
_gy-gencatlg
942 _2ddc
_cBK
_n0
999 _c6704
_d6704